000 01132nam a2200337 i 4500
001 bg
003 BPK
005 20220609091013.0
008 000708s1979 pl a f f |001 0 pol
015 _aPB 1979/5011
020 _a8320400902
040 _aWA N
_cBPK
041 0 _apol
080 _a621.317
080 _a(075.8)
100 1 _aChwaleba, Augustyn.
245 1 0 _aMetrologia elektryczna /
_cAugustyn Chwaleba, Maciej Poniński, Andrzej Siedlecki.
250 _aWyd. 2 zm.
260 _aWarszawa :
_bWydawnictwa Naukowo-Techniczne,
_c1979.
300 _a436 s. :
_bil. ;
_c24 cm.
490 1 _aPodręczniki Akademickie. Elektrotechnika.
504 _aBibliogr. - Indeks.
650 4 _aElektrotechnika
_xpomiary.
655 4 _aPodręczniki akademickie
700 1 _aPoniński, Maciej.
700 1 _aSiedlecki, Andrzej.
710 2 _aWydawnictwa Naukowo-Techniczne
_4pbl.
856 _uhttp://koha.tu.koszalin.pl/cgi-bin/koha/opac-detail.pl?biblionumber=18629
_yKatalog online BPK
830 0 _aPodręczniki Akademickie.
_pElektrotechnika
942 _2UKD
_cKS
999 _c18629
_d18629